| 000 | 00960nam a2200265 a 4500 | ||
|---|---|---|---|
| 001 | 000023506 | ||
| 005 | 20260313093410.0 | ||
| 008 | 101210s1991 sp r 000 | spa d | ||
| 020 | _a847088591x | ||
| 040 |
_aDO-SdBNP _bspa _cBNPHU |
||
| 041 |
_aeng _hspa _2Código de idioma MARC |
||
| 082 |
_a320.973 _bL742p |
||
| 100 | 1 |
_aLindblom, Charles E. _948446 |
|
| 240 | 1 | 0 |
_aThe policy making process _lespañol |
| 245 | 1 | 3 |
_aEl proceso de elaboración de políticas públicas / _cCharles E. Lindblom ; traducción de Eduardo Zapico Goñi. |
| 260 |
_aMadrid : _bMinisterio para las Administraciones Públicas, _c1991. |
||
| 300 |
_a160 p. ; _c23 cm. |
||
| 490 | 1 | _aEstudios | |
| 534 |
_aTítulo original : _tThe policy making process |
||
| 651 | 4 |
_aEstados Unidos _xPolítica Y Gobierno _95436 |
|
| 650 | 0 |
_aCiencias políticas _92426 |
|
| 650 | 4 |
_aPoder (ciencias sociales) _933642 |
|
| 700 | 1 |
_aZapico Goñi, Eduardo _etr. _948447 |
|
| 830 | 0 |
_aEstudios _93854 |
|
| 999 |
_c23002 _d23002 |
||